Normal view
MARC view
Entry Personal Name
001 - CONTROL NUMBER
- control field: 42892
003 - CONTROL NUMBER IDENTIFIER
- control field: ARRUPE
005 - DATE AND TIME OF LATEST TRANSACTION
- control field: 20181012100550.0
008 - FIXED-LENGTH DATA ELEMENTS
- fixed length control field: 181012|| aca||aabn | a|a d
040 ## - CATALOGING SOURCE
- Original cataloging agency: ARRUPE
- Transcribing agency: ARRUPE
100 ## - HEADING--PERSONAL NAME
- Personal name: Galot, Jean S. J.
670 ## - SOURCE DATA FOUND
- Source citation: Work cat.: (ARRUPE): Galot, Jean S. J., Jesus, our liberator:, 1982.